000 01045nam a22002537a 4500
003 PE SENCICO BE
005 20251020182642.0
008 230922b |||||||| |||| 00| 0 eng d
040 _aPE SENCICO BE
_cPE SENCICO BE
041 _aspa
084 _aI
_aLAB
_a2012
_bM22
100 1 _91601
_aManrique Castro, Gilmer
_eautor
245 1 _aAditivos para concreto /
_cGilmer Manrique Castro
260 _aLima :
_c2012
300 _a27 hojas :
_bilustraciones a color, diagramas ;
_c30 cm.
502 _aMonografía de Titulación.-- Servicio Nacional de Capacitación para la Industria de la Construcción. Escuela Superior Técnica. Carrera Profesional Técnica en Laboratorio de Suelos, Concreto y Asfalto, 2012.
650 1 0 _91270
_aAditivos
650 2 0 _9573
_aConcreto
650 2 0 _91263
_aLaboratorio de ensayo de materiales
650 2 0 _9480
_aResistencia de materiales
710 1 _aServicio Nacional de Capacitación para la Industria de la Construcción.
_bEscuela Superior Técnica
_91065
910 _bhfp
_chfp
942 _cMON
999 _c4329
_d4329